Flags of Australia - Statistics

General Stats
  • This quiz has been taken 14 times
  • The average score is 9 of 16
Answer Stats
Picture Hint Answer % Correct
Christmas Island
82%
Cocos (Keeling) Islands
82%
New South Wales
82%
Norfolk Island
82%
Northern Territory
82%
South Australia
73%
Tasmania
73%
Victoria
73%
Western Australia
73%
Australian Capital Territory
64%
Queensland
64%
Hint: Starts with 'J' Jervis Bay Territory
27%
Hint: Starts with 'A' Australian Antarctic Territory
18%
Hint: Starts with 'C' Coral Sea Islands
18%
Hint: Starts with 'H' Heard Island and McDonald Islands
18%
Hint: Starts with 'A' Ashmore and Cartier Islands
9%
No matching quizzes found
Score Distribution
Percent of People with Each Score
Percentile by Number Answered
Your Score History
You have not taken this quiz